|
|
|
|
| LEADER |
00000nam a22000007a 4500 |
| 005 |
2021051409199.0 |
| 007 |
cr|||| |||| |
| 008 |
210514s2012 co |||||s|||| 00||0 spa d |
| 020 |
|
|
|a 978-958-762-074-0
|
| 035 |
|
|
|a 33375
|
| 040 |
|
|
|a vLex
|
| 090 |
|
|
|c 11668
|d 11668
|
| 100 |
1 |
|
|a Jijena Sǹchez, Rosario
|
| 245 |
1 |
0 |
|a Imagen profesional y corporativa
|h [Recurso electrn̤ico] :
|b Cm̤o mejorarla, sostenerla o revertirla /
|c Rosario Jijena Sǹchez
|
| 256 |
|
|
|a Servicio en ln̕ea
|
| 260 |
|
|
|a Bogot:̀
|b Ediciones de la U,
|c 2012
|
| 300 |
|
|
|a 1 recurso electrn̤ico
|
| 500 |
|
|
|a Comenc ̌a escribir este libro por dos razones, la primera porque s ̌que no hay prc̀ticamente bibliografa̕ sobre este tema y, lo poco que hay, es muy especf̕ico o por el contrario no es abarcativo; y la segunda, la que ms̀ me lanz ̤al desafo̕, es que teniendo ya cuatro libros escritos sobre organizacin̤ de eventos, me senta̕ en deuda con los alumnos de la carrera y de los cursos de Asesoramiento en Imagen que he creado hace varios aǫs y que dictamos en forma presencial o a distancia.
|
| 506 |
1 |
|
|a Disponible solo en los productos indicados
|d vLex Global
|d vLex Global (Academic Edition, excluding Law Schools)
|d vLex Global (U.S. Academic Edition, Law Schools)
|d vLex Global (U.S. Academic Edition, excluding Law Schools)
|d vLex Global (Academic Edition, Law Schools)
|
| 650 |
0 |
4 |
|a Economa̕ y negocios
|z Colombia
|
| 740 |
0 |
|
|a vLex Libros (Servicio en ln̕ea)
|
| 856 |
4 |
0 |
|u https://vlex.com/source/imagen-profesional-y-corporativa-como-mejorarla-sostenerla-o-revertirla-33375
|z Acceso restringido
|
| 942 |
|
|
|c BOOK
|
| 999 |
0 |
|
|a Economy and business
|